Born in New York Quiz Stats

 Plays Quiz Updated Jan 16, 2019

Support Sporcle.
Go Orange.
Score 0/30 Timer 05:00
8 Plays Today
% Correct
14.Donald Trump
96.1%
18.Whoopi Goldberg
94.1%
28.Tom Cruise
93.7%
15.Mike Tyson
90.9%
21.Paris Hilton
90.8%
4.Lady Gaga
89%
9.Jennifer Lopez
86%
23.Mariah Carey
83.6%
3.Jacqueline Kennedy Onassis
78.9%
19.Woody Allen
78.3%
1.The Marx Brothers
74.3%
5.Mark Zuckerberg
74%
13.Rosie O'Donnell
71.4%
26.Tupac Shakur
70.8%
6.Howard Stern
69.5%
% Correct
27.Lucille Ball
69%
17.Colin Powell
67.7%
30.Christopher Walken
67.6%
24.Franklin D. Roosevelt
66.3%
11.Jane Fonda
61.2%
20.Sammy Davis, jr.
57.9%
16.Humphrey Bogart
57.6%
10.Bill O'Reilly
48.3%
29.Judge Judy Sheindlin
43.2%
2.Kareem Abdul-Jabbar
43.1%
22.Lou Gehrig
39.6%
12.Abigail Breslin
35%
8.Phil Spector
33.3%
7.David Blaine
32%
25.Walt Whitman
15.2%

You're not logged in!

Compare scores with friends on all Sporcle quizzes.
OR
Log In
Forgot?

From the Vault

Movie Pie Charts

by MrChewypoo

Movies 4m
Sometimes movies get too abstract, and you just need to break them down to a simple pie chart.
Remove Ads.
Support Sporcle.
Get the best of Sporcle when you Go Orange. This ad-free experience offers more features, more stats, and more fun while also helping to support Sporcle. Thank you for becoming a member.

Show Comments

Extras

Top Quizzes Today


Score Distribution

Your Account Isn't Verified!

In order to create a playlist on Sporcle, you need to verify the email address you used during registration. Go to your Sporcle Settings to finish the process.

Report this User

Report this user for behavior that violates our Community Guidelines.

Details: